书目信息 |
| 题名: |
产品造型材料与工艺
|
|
| 作者: | 程能林 , 刘长英 , 王铁桩 编著 | |
| 分册: | ||
| 出版信息: | 北京 北京理工大学出版社 2008.03 |
|
| 页数: | 206页 | |
| 开本: | 29cm | |
| 丛书名: | ||
| 单 册: | ||
| 中图分类: | TB497 | |
| 科图分类: | ||
| 主题词: | 工业产品--gong ye chan pin--造型 | |
| 电子资源: | ||
| ISBN: | 978-7-81013-402-6 | |
| 000 | 01094nam0 2200301 450 | |
| 001 | 012009679830 | |
| 005 | 20090430111903.28 | |
| 010 | @a978-7-81013-402-6@dCNY28.00 | |
| 100 | @a20090430d2008 em y0chi0120 ea | |
| 101 | 0 | @achi |
| 102 | @aCN@b110000 | |
| 105 | @aak a 000yy | |
| 106 | @ar | |
| 200 | 1 | @a产品造型材料与工艺@Achan pin zao xing cai liao yu gong yi@f程能林, 刘长英, 王铁桩编著@Fcheng neng lin,liu chang ying,wang tie zhuang bian zhu |
| 205 | @a第2版 | |
| 210 | @a北京@c北京理工大学出版社@d2008.03 | |
| 215 | @a206页@c图@d29cm | |
| 300 | @a面向21世纪高等院校规划教材 | |
| 307 | @a2008年3月第11次印刷 | |
| 320 | @a有书目 (第206页) | |
| 330 | @a本书主要内容为产品造型设计中常用材料的组成、性能及应用等基本知识,同时还简要介绍了金属及部分非金属材料的一般加工成型和表面处理、涂饰及镀饰工艺。 | |
| 606 | 0 | @a工业产品@Agong ye chan pin@x造型 |
| 690 | @aTB497@v4 | |
| 701 | 0 | @a程能林@Acheng neng lin@4编著 |
| 701 | 0 | @a刘长英@Aliu chang ying@4编著 |
| 701 | 0 | @a王铁桩@Awang tie zhuang@4编著 |
| 801 | 0 | @aCN@bQSSK@c20090430 |
| 905 | @b741334-36@dTB497@eC753@f3 | |
| 产品造型材料与工艺/程能林, 刘长英, 王铁桩编著.-第2版.-北京:北京理工大学出版社,2008.03 |
| 206页:图;29cm |
| 面向21世纪高等院校规划教材 |
| ISBN 978-7-81013-402-6:CNY28.00 |
| 本书主要内容为产品造型设计中常用材料的组成、性能及应用等基本知识,同时还简要介绍了金属及部分非金属材料的一般加工成型和表面处理、涂饰及镀饰工艺。 |
| ● |
| 相关链接 |
|
|
|
正题名:产品造型材料与工艺
索取号:TB497/C753
 
预约/预借
| 序号 | 登录号 | 条形码 | 馆藏地/架位号 | 状态 | 备注 |
| 1 | 741334 | 207413342 | 自科库501/501自科库 18排1列2层/ [索取号:TB497/C753] | 在馆 | |
| 2 | 741335 | 207413351 | 期刊室512/501自科库 17排3列4层/ [索取号:TB497/C753] | 在馆 | |
| 3 | 741336 | 207413360 | 自科库501/501自科库 18排1列2层/ [索取号:TB497/C753] | 在馆 |